| 000 | 00835nam a2200241 a 4500 | ||
|---|---|---|---|
| 001 | 2467 | ||
| 003 | CDMR | ||
| 005 | 20131018111446.0 | ||
| 008 | 130130s1968||||||||||||||||||||||||||||d | ||
| 040 |
_aCDMR _bcat _cCDMR |
||
| 100 | 1 |
_aLafleur, Héctor René _91848 |
|
| 245 | 1 | 4 |
_aLas revistas literarias argentinas, 1893-1967 _cHéctor René Lafleur, Sergio D. Provenzano, Fernando P. Alonso |
| 250 | _aEd. rev. i aum. | ||
| 260 |
_aBuenos Aires _c1968 _bCentro Editor de America Latina |
||
| 300 | _a351 p. | ||
| 490 | 0 |
_aBiblioteca de Literatura. _aLiteratura Argentina. _aObras de referencia |
|
| 650 | 0 | 3 |
_93744 _aPremsa _zArgentina |
| 650 | 0 | 3 |
_93088 _aPeriodisme i literatura |
| 650 | 0 | 3 |
_94132 _aRevistes _xBibliografia _xCatàlegs |
| 700 | 1 |
_94079 _aProvenzano, Sergio D. |
|
| 700 | 1 |
_94080 _aAlonso, Fernando P. |
|
| 942 |
_cMON _2udc |
||
| 999 |
_c2467 _d2467 |
||